Town and Country Planning General Regulations 1992 : Town and Country Planning (Development Plans and Consultation) Directions 1992 (Record no. 94317)

MARC details
000 -LEADER
fixed length control field 00692cam a2200205 4500
008 - FIXED-LENGTH DATA ELEMENTS--GENERAL INFORMATION
fixed length control field 090401t1992 xxu||||| |||| 00| 0 eng d
020 ## - INTERNATIONAL STANDARD BOOK NUMBER
International Standard Book Number 0117526800
035 ## - SYSTEM CONTROL NUMBER
System control number (Sirsi) u61480
041 ## - LANGUAGE CODE
Language code of text/sound track or separate title eng
110 ## - MAIN ENTRY--CORPORATE NAME
Corporate name or jurisdiction name as entry element United Kingdom
Subordinate unit Department of the Environment
9 (RLIN) 982
245 ## - TITLE STATEMENT
Title Town and Country Planning General Regulations 1992 : Town and Country Planning (Development Plans and Consultation) Directions 1992
260 ## - PUBLICATION, DISTRIBUTION, ETC.
Name of publisher, distributor, etc. HMSO
Date of publication, distribution, etc. 1992
300 ## - PHYSICAL DESCRIPTION
Extent 16p
350 ## - PRICE (NR) (BK AM CF MU VM SE) [OBSOLETE]
Price 2.75
490 ## - SERIES STATEMENT
Series statement DoE Circular
Volume/sequential designation 19/92 13 July 1992
520 ## - SUMMARY, ETC.
Summary, etc. Explains the new regulations under Town and Country Planning Act 1990.
690 ## - LOCAL SUBJECT ADDED ENTRY--TOPICAL TERM (OCLC, RLIN)
Topical term or geographic name as entry element PLANNING LAW AND PRACTICE
942 ## - ADDED ENTRY ELEMENTS (KOHA)
Suppress in OPAC 0
948 ## - LOCAL PROCESSING INFORMATION (OCLC); SERIES PART DESIGNATOR (RLIN)
c (OCLC) 04/03/1997
Holdings
Withdrawn status Lost status Source of classification or shelving scheme Damaged status Not for loan Home library Current library Shelving location Date acquired Cost, normal purchase price Total Checkouts Full call number Barcode Date last seen Copy number Cost, replacement price Price effective from Koha item type
    Dewey Decimal Classification     London London Books 29/09/1999 2.75   SI & CIRCULARS 300334505 06/08/2019 1 2.75 06/08/2019 Book